Internal combustion engines and air pollution (Record no. 4453)

000 -LEADER
fixed length control field 00551nam a22001937a 4500
001 - CONTROL NUMBER
control field 4453
003 - CONTROL NUMBER IDENTIFIER
control field BD-DhUET
008 - FIXED-LENGTH DATA ELEMENTS--GENERAL INFORMATION
fixed length control field 141116b xxu||||| |||| 00| 0 eng d
020 ## - INTERNATIONAL STANDARD BOOK NUMBER
International Standard Book Number 0352045600
040 ## - CATALOGING SOURCE
Transcribing agency 0
Modifying agency BD-DhUET
082 ## - DEWEY DECIMAL CLASSIFICATION NUMBER
Classification number 621.43
Item number OBE/1973
100 ## - MAIN ENTRY--PERSONAL NAME
Personal name Obert, Edward F.
245 ## - TITLE STATEMENT
Title Internal combustion engines and air pollution
Remainder of title based on internal combustion engines
250 ## - EDITION STATEMENT
Edition statement 3rd ed.
260 ## - PUBLICATION, DISTRIBUTION, ETC. (IMPRINT)
Place of publication, distribution, etc. New York
Name of publisher, distributor, etc. Intext Educational Publishers
Date of publication, distribution, etc. 1973
300 ## - PHYSICAL DESCRIPTION
Extent xiii, 740 p.
Other physical details ill.
650 #0 - SUBJECT ADDED ENTRY--TOPICAL TERM
Topical term or geographic name as entry element Internal combustion engines
942 ## - ADDED ENTRY ELEMENTS (KOHA)
Koha item type General Book
Holdings
Copy number Koha normalized classification for sorting Damaged status Koha issues (times borrowed) Not for loan Koha date last borrowed Lost status Sublocation or collection (holding branch) Koha date last seen Price effective from Koha full call number Date acquired Withdrawn status Shelving location Source of classification or shelving scheme Piece designation (barcode) Location (home branch) Koha item type
 621_000000000000000_43OBE1973 1 2014-11-16 Central Library, BUET2015-10-122014-11-16621.43/OBE/19732014-11-16 Circulation section 42113Central Library, BUETGeneral Book
2621_430000000000000_OBE_1973 3 2018-02-03 Central Library, BUET2018-02-172015-04-13621.43/OBE/19732015-04-13 Circulation section 42111Central Library, BUETGeneral Book
3621_430000000000000_OBE_1973     Central Library, BUET2015-06-162015-06-16621.43/OBE/19732015-06-16 Reading section 42105Central Library, BUETReading Item
4621_430000000000000_OBE_1973     Central Library, BUET2015-06-302015-06-30621.43/OBE/19732015-06-30 Reading section 48959Central Library, BUETReading Item
5621_430000000000000_OBE_1973     Central Library, BUET2015-07-022015-07-02621.43/OBE/19732015-07-02 Reading section 42108Central Library, BUETReading Item
6621_430000000000000_OBE_1973     Central Library, BUET2015-07-042015-07-04621.43/OBE/19732015-07-04 Reading section 48939Central Library, BUETReading Item